• 首页
  • 本馆介绍
  • 公告通知
  • 最新文献
  • 馆藏检索
  • 电子资源
  • 读者导购
  • 参考咨询
  • 我的图书馆
  • 登录
  • 详细信息显示
  • 放入我的书架
  • 预约/预借图书
  • 作者相关作品
  • 分类相关作品
  • 丛书相关作品
  • 出版社相关作品

书目信息

  • 表格格式
  • 工作单格式
  • 卡片格式
题名:
未来100年大眺望
    
 
作者: 张锲 主编
分册:  
出版信息: 北京   华文出版社  2001
页数: 314页
开本: 20cm
丛书名:
单 册:
中图分类: G303
科图分类:
主题词: 未来学--通俗读物 , 未来学
电子资源:
ISBN: 7-5075-1158-8
000 00931nam0 2200253 450
001 073000001194
005 20091015101342.81
010    @a7-5075-1158-8@dCNY18.00
100    @a20040204d em y0chiy0110 ea
101 0  @achi
102    @aCN@b110000
105    @ac z 000yd
200 1  @a未来100年大眺望@Awei lai 100 nian da tiao wang@e中国作家院士十人谈@f张锲主编@Fzhang qie zhu bian
210    @a北京@c华文出版社@d2001
215    @a314页@c肖像@d20cm
330    @a本书由作家张贤亮、邓刚、叶延滨、朱向前、王富仁、郑秦等十位作家在“未来100年大眺望”的总题目下,分别就未来100年的社会变革、法治建设、国民素质、文化景观、科技发展、文学前景等热点话题进行评说。
517 1  @a中国作家院士十人谈@Azhong guo zuo jia yuan shi shi ren tan
606 0  @a未来学@j通俗读物
606 0  @a未来学
690    @aG303@v4
701  0 @a张锲@Azhang qie@4主编
801  0 @aCN@bNLC@c20091015
905    @aBZT@dG303@e1
906    @dCNY18.00@n0@r1
    
    未来100年大眺望:中国作家院士十人谈/张锲主编.-北京:华文出版社,2001
    314页:肖像;20cm
    
    
    ISBN 7-5075-1158-8:CNY18.00
    本书由作家张贤亮、邓刚、叶延滨、朱向前、王富仁、郑秦等十位作家在“未来100年大眺望”的总题目下,分别就未来100年的社会变革、法治建设、国民素质、文化景观、科技发展、文学前景等热点话题进行评说。
●
相关链接 在五车中查询图书 在当当中查询图书 在豆瓣中查询图书


正题名:未来100年大眺望     索取号:G303/1         预约/预借

序号 登录号 条形码 馆藏地/架位号 状态 备注
1 410246   210385224   中心书库北库/ 北库032架B面5列1层6/ [索取号:G303/1] 在馆    
2 410247   210385199   中心书库北库/ 北库032架B面5列1层5/ [索取号:G303/1] 在馆    
3 410248   210385206   中心书库北库/ 北库032架B面5列1层8/ [索取号:G303/1] 在馆    
4 410249   210385171   中心书库北库/ 北库032架B面5列1层9/ [索取号:G303/1] 在馆    
5 410250   210385180   中心书库北库/ 北库032架B面5列1层12/ [索取号:G303/1] 在馆    
6 410251   210385153   中心书库北库/ 北库032架B面5列1层10/ [索取号:G303/1] 在馆    
7 410252   210385162   中心书库北库/ 北库032架B面5列1层11/ [索取号:G303/1] 在馆    
8 410253   210385242   中心书库北库/ 北库032架B面5列1层13/ [索取号:G303/1] 在馆    
9 410254   210385215   中心书库北库/ 北库032架B面5列1层1/ [索取号:G303/1] 在馆    
10 410255   210385233   中心书库北库/ 北库032架B面5列1层4/ [索取号:G303/1] 在馆    
11 413766   210419527   中心书库北库/ 北库032架B面5列1层19/ [索取号:G303/1] 在馆    
12 413767   210419536   中心书库北库/ 北库032架B面5列1层3/ [索取号:G303/1] 在馆    
13 413768   210419509   中心书库北库/ 北库032架B面5列1层16/ [索取号:G303/1] 在馆    
14 413769   210419518   中心书库北库/ 北库032架B面5列1层14/ [索取号:G303/1] 在馆    
15 413770   210417459   中心书库北库/ 北库032架B面5列1层7/ [索取号:G303/1] 在馆    
16 413771   210417440   中心书库北库/ 北库032架B面5列1层17/ [索取号:G303/1] 在馆    
17 413772   210417431   中心书库北库/ 北库032架B面5列1层20/ [索取号:G303/1] 在馆    
18 413773   210419563   中心书库北库/ 北库032架B面5列1层2/ [索取号:G303/1] 在馆    
19 413774   210419545   中心书库北库/ 北库032架B面5列1层15/ [索取号:G303/1] 在馆    
20 413775   210419554   中心书库北库/ 北库032架B面5列1层18/ [索取号:G303/1] 在馆    
山东省滨州职业学院图书馆 欢迎您!
大连网信软件有限公司© 版权所有